| 000 | 00479nam a2200169Ia 4500 | ||
|---|---|---|---|
| 001 | 22563 | ||
| 005 | 20260414150839.0 | ||
| 008 | 260414t2011||||xx |||||||||||||| ||spa|| | ||
| 041 | _aESP | ||
| 082 |
_a621.382 _bN566 |
||
| 100 |
_aNoor, Sohail _eAUT |
||
| 245 | 0 |
_aLDPC Code construction and performance evaluation : _bconstruction and performance evaluation of LDPC codes over finite fields |
|
| 260 | _c2011 | ||
| 650 | _aTCA | ||
| 654 | _aCET | ||
| 942 |
_cLIB _dJUS _fJUS _2ddc _n |
||
| 999 |
_c22563 _d22563 |
||